| 000 | 02157nam a2200445Ii 4500 | ||
|---|---|---|---|
| 001 | DIGFUNDV0036 | ||
| 003 | NyNyDIG | ||
| 008 | 190313s2009 sp ob 000 0 spa d | ||
| 006 | m o d | ||
| 007 | cr ||||||||||| | ||
| 035 | _a(OCoLC)889261414 | ||
| 040 |
_aDGITA _beng _erda _epn _cDGITA |
||
| 020 | _z9788469260753 | ||
| 020 | _z8469260758 | ||
| 043 | _ae-sp--- | ||
| 050 | 1 | 4 |
_aRC560.S47 ebook _aHQ71 ebook |
| 082 | 0 | 4 |
_a616.8583 _a362.7044 |
| 245 | 0 | 0 | _a¿Qué hacer con los agresores sexuales reincidentes? |
| 264 | 1 |
_aBarcelona : _bFundació Víctor Grífols i Lucas, _c[2009] |
|
| 300 | _a1 online resource. | ||
| 336 |
_atext _btxt _2rdacontent |
||
| 337 |
_acomputer _bc _2rdamedia |
||
| 338 |
_aonline resource _bcr _2rdacarrier |
||
| 490 | 1 |
_aInterrogantes de la Fundació Víctor Grífols i Lucas ; _v01 |
|
| 500 | _aPapers of a meeting organized by the Fundació Víctor Grífols i Lucas held in September 29, 2008. | ||
| 504 | _aIncludes bibliographical references. | ||
| 505 | 2 | _aIntroducción / Enrique Echeburúa -- Consideraciones sobre la respuesta penal ante la delincuencia sexual / Mercedes García Arán -- ¿Qué hacer con los agresores sexuales reincidentes? / José María Mena -- Blanco y peludo / Joan Carles Navarro -- ¿Qué hacer con los agresores sexuales de alto riesgo? / Santiago Redondo Illescas. | |
| 588 | 0 | _aOnline resource; title from PDF title page (Digitalia, viewed March 15, 2019) | |
| 650 | 0 |
_aSex offenders _xRehabilitation _zSpain _vCongresses. |
|
| 650 | 0 |
_aRecidivists _zSpain _vCongresses. |
|
| 655 | 0 | _aElectronic books. | |
| 655 | 7 |
_aConference papers and proceedings. _2lcgft |
|
| 791 | 2 |
_aDigitalia (Firm), _edistributor. |
|
| 793 | 0 |
_gDigitalia eBook Collection: _aFundació Víctor Grifols i Lucas |
|
| 776 | 0 | 8 |
_iPrint version: _t¿Qué hacer con los agresores sexuales reincidentes? _dBarcelona : Fundació Víctor Grífols i Lucas, [2009] _z9788469260753 |
| 830 | 0 |
_aInterrogantes de la Fundació Víctor Grífols i Lucas ; _v01. |
|
| 856 | 4 | 0 |
_3Digitalia Hispánica _uhttps://www.digitaliapublishing.com/a/24327/ |
| 910 | _aPremium collection: 2019 | ||
| 942 | _cRAA | ||
| 999 |
_c238326 _d238326 |
||